Рудин. Дворянское гнездо: Романы

Bibliografiske detaljer
Hovedforfatter: Тургенев И. С. Иван Сергеевич
Andre forfattere: Долотова Л. М. (автор предисловия), Добер В. (иллюстратор)
Sprog:russisk
Udgivet: Москва, Художественная литература, 1974
Serier:Школьная библиотека
Fag:
Format: Bog
KOHA link:https://koha.lib.tpu.ru/cgi-bin/koha/opac-detail.pl?biblionumber=121282

MARC

LEADER 00000nam0a2200000 4500
001 121282
005 20231101215652.0
035 |a (RuTPU)RU\TPU\book\131353 
090 |a 121282 
100 |a 20070912d1974 d y0rusy50 ca 
101 0 |a rus 
102 |a RU 
105 |a a z 000ay 
200 1 |a Рудин. Дворянское гнездо  |e Романы  |f И. С. Тургенев  |g авт. предисл. и примеч. Л. М. Долотова; худож. В. Добер 
210 |a Москва  |c Художественная литература  |d 1974 
215 |a 304 с. 
225 1 |a Школьная библиотека 
610 1 |a русская литература 
610 1 |a романы 
675 |a Р1  |v 3 
700 1 |a Тургенев  |b И. С.  |c русский писатель  |f 1818-1883  |g Иван Сергеевич  |2 stltpush  |3 (RuTPU)RU\TPU\pers\1039  |9 462 
702 1 |a Долотова  |b Л. М.  |4 080 
702 1 |a Добер  |b В.  |4 440 
801 1 |a RU  |b 63413507  |c 20070912  |g PSBO 
942 |c BK